01671nam a2200397 i 450000100060000000300080000600500170001400600190003100700150005000800410006503500230010603500240012903500250015303500210017804000310019905000210023008000080025108200160025910000340027524502690030926400990057830000450067733600310072233700330075333800430078650000230082958801230085265000220097565000220099765000180101965000200103765500270105770000470108471000800113185600620121172895FlNmELB20241217143425.0m o d | cr cnu||||||||160523s2009 sp o 001 0 spa d a(MiAaPQ)EBC4499144 a(Au-PeEL)EBL4499144 a(CaPaEBR)ebr11200942 a(OCoLC)984803084 aFINmELBbspaerdacFINmELB 4aSB349bV143 2009 a6350 a635.6422231 aValcárcel Germes, Mercedes.10aOptimización del proceso de evaluación y selección de germoplasma de tomate por características de calidad organoléptica :buso de la tecnología NIR y sensores electrónicos /cMercedes Valcárcel Germes ; dirigida por: Salvador Roselló Ripollés. 1aCastelló de la Plana :bUniversitat Jaume I. Servei de Comunicació i Publicacions,c[2009] a1 recurso en línea (vi, 180 páginas) atextobtxt2rdacontent/spa acomputadorabc2rdamedia/spa arecurso en líneabcr2rdacarrier/spa aContiene índice. aDescripción basada en recurso en línea; Título de la página del título en PDF (e-libro, visto May 23, 2016). 0aTomatoesxGrowth. 4aTomatesxCultivo. 0aChemometrics. 4aQuimiometría. 4aLibros electrónicos.1 aRoselló Ripollés, Salvador,edirector.2 aUniversidad Jaume I. Departamento de Ciencias Agrarias y del Medio Natural.40uhttps://elibro.net/ereader/politecnicointernacional/86395